International Economics / (Record no. 12786)
[ view plain ]
| 000 -LEADER | |
|---|---|
| fixed length control field | 00895nac a22002651u 4500 |
| 008 - FIXED-LENGTH DATA ELEMENTS--GENERAL INFORMATION | |
| fixed length control field | 091013t xxu||||| |||| 00| 0 eng d |
| 010 ## - LIBRARY OF CONGRESS CONTROL NUMBER | |
| LC control number | 94033891 |
| 020 ## - INTERNATIONAL STANDARD BOOK NUMBER | |
| International Standard Book Number | 0321614909 |
| 020 ## - INTERNATIONAL STANDARD BOOK NUMBER | |
| International Standard Book Number | 9780321614902 |
| 082 00 - DEWEY DECIMAL CLASSIFICATION NUMBER | |
| Classification number | 337 |
| Item number | HUS |
| 100 ## - MAIN ENTRY--PERSONAL NAME | |
| Personal name | Husted, Steven L. |
| 9 (RLIN) | 8835 |
| 245 10 - TITLE STATEMENT | |
| Title | International Economics / |
| Statement of responsibility, etc | Steven Husted, Michael Melvin. |
| 250 ## - EDITION STATEMENT | |
| Edition statement | 8th ed. |
| 260 ## - PUBLICATION, DISTRIBUTION, ETC. (IMPRINT) | |
| Place of publication, distribution, etc | Boston : |
| Name of publisher, distributor, etc | Addison- Wesley: |
| -- | Pearson, |
| Date of publication, distribution, etc | c2010. |
| 300 ## - PHYSICAL DESCRIPTION | |
| Extent | xix, 570 p. : |
| Other physical details | maps. ill. ; |
| Dimensions | 25 cm. |
| 490 #4 - Series Statement | |
| Series statement | The Addison- Wesley series in Economics |
| 504 ## - BIBLIOGRAPHY, ETC. NOTE | |
| Bibliography, etc | Includes bibliographical references and index. |
| 650 #0 - SUBJECT ADDED ENTRY--TOPICAL TERM | |
| Topical term or geographic name as entry element | International economic relations. |
| 9 (RLIN) | 8836 |
| 650 #0 - SUBJECT ADDED ENTRY--TOPICAL TERM | |
| Topical term or geographic name as entry element | Commercial policy. |
| 9 (RLIN) | 8837 |
| 650 #0 - SUBJECT ADDED ENTRY--TOPICAL TERM | |
| Topical term or geographic name as entry element | Finance. |
| 9 (RLIN) | 8838 |
| 651 #0 - SUBJECT ADDED ENTRY--GEOGRAPHIC NAME | |
| Geographic name | United States |
| General subdivision | Commercial policy. |
| 9 (RLIN) | 8839 |
| 653 ## - INDEX TERM--UNCONTROLLED | |
| Resource For college | |
| Arrived date list | October2012 |
| 700 1# - ADDED ENTRY--PERSONAL NAME | |
| Personal name | Melvin, Michael, |
| Dates associated with a name | 1948- |
| 9 (RLIN) | 8840 |
| 942 ## - ADDED ENTRY ELEMENTS (KOHA) | |
| Item type | Book - Borrowing |
| Call number prefix | 337HUS |
| Source of classification or shelving scheme | Dewey Decimal Classification |
| Withdrawn status | Item status | Source of classification or shelving scheme | Damaged status | Not for loan | Vendor | Home library | Current library | Shelving location | Date acquired | Source of acquisition | Total Checkouts | Full call number | Barcode | Date last seen | Koha item type | Total Renewals | Date last borrowed |
|---|---|---|---|---|---|---|---|---|---|---|---|---|---|---|---|---|---|
| Dewey Decimal Classification | Baccah | Central Library | Central Library | First floor | 13/10/2009 | 337 HUS | 000018240 | 15/07/2025 | NB - Book (Non borrowing) | ||||||||
| Dewey Decimal Classification | Baccah | Central Library | Central Library | First floor | 13/10/2009 | 13 | 337 HUS | 000018241 | 15/07/2025 | Book - Borrowing | 107 | 30/09/2019 | |||||
| Dewey Decimal Classification | Baccah | Central Library | Central Library | First floor | 13/10/2009 | 17 | 337 HUS | 000018287 | 15/07/2025 | Book - Borrowing | 76 | 30/09/2019 | |||||
| Dewey Decimal Classification | Baccah | Central Library | Central Library | First floor | 02/10/2012 | 14 | 337 HUS | 000027527 | 15/07/2025 | Book - Borrowing | 123 | 30/09/2019 |